000 00780nam a22002651 4500
001 16804
003 BD-RjUL
005 20211209000043.0
008 140215s1956 enka 001 0 eng d
035 _a(BD-RjUL)16859
040 _aDLC/ICU
_cICU
_dDLC
_dBD-RjUL
_beng
041 _aeng
082 0 0 _a620.1123
_bHIM 1956
100 1 _aHill, Rodney,
_d1921-
_951894
245 1 4 _aThe mathematical theory of plasticity /
_c Rodney, Hill
260 _aOxford :
_bClarendon Press,
_c1956.
300 _aix, 356 p. :
_bdiagrs. ;
_c25 cm.
490 1 _aThe Oxford engineering science series
504 _aIncludes Index
650 0 _aPlasticity.
_927076
830 0 _aOxford engineering science series.
_951908
942 _2ddc
_cBK
999 _c16804
_d16804